[Event "15ème Open de Saint-Affrique"]
[Site "Saint Affrique"]
[Date "????.??.??"]
[Round "5.53"]
[White "Vecchiato, Eric"]
[Black "Wilfert, Fabrice"]
[Result "1-0"]
[WhiteElo "1768"]
[BlackElo "1953"]
[PlyCount "88"]

1. d4 d5 2. c4 e5 3. dxe5 d4 4. Nf3 Nc6 5. g3 f6 6. exf6 Nxf6 7. Bg2 Bc5 8. O-O
O-O 9. a3 a5 10. b3 Ne4 11. Bb2 Bf5 12. Nfd2 Nxd2 13. Nxd2 Qe8 14. Nf3 Rd8 15.
Qd2 d3 16. exd3 Rxd3 17. Qg5 Qd7 18. Rae1 h6 19. Qc1 Rxb3 20. Ne5 Nxe5 21. Rxe5
Bd6 22. Rxa5 Bd3 23. Bd5+ Kh7 24. Re1 Qf5 25. Be4 Qxe4 26. Rxe4 Bxe4 27. Rb5
Rd3 28. Rh5 Bxa3 29. Bxa3 Rfd8 30. Rd5 Bxd5 31. cxd5 R8xd5 32. Kg2 b6 33. Qc2
Kh8 34. Bc1 c5 35. Qb2 Rd6 36. Bf4 Rc6 37. Be5 c4 38. Bxg7+ Kg8 39. Bc3 Rcd6
40. Qb4 Rc6 41. Qb5 Rdd6 42. Qe5 Kf7 43. Qg7+ Ke8 44. f4 b5 1-0

[Event "15ème Open de Saint-Affrique"]
[Site "Saint Affrique"]
[Date "????.??.??"]
[Round "5.54"]
[White "Caron, Damien"]
[Black "Thuret, Marine"]
[Result "0-1"]
[WhiteElo "1952"]
[BlackElo "1772"]
[PlyCount "67"]

1. e4 c5 2. Nf3 d6 3. d4 cxd4 4. Nxd4 Nf6 5. Nc3 g6 6. Bc4 Bg7 7. a3 Bd7 8. O-O
Nc6 9. Nxc6 Bxc6 10. Re1 O-O 11. Nd5 Rc8 12. Qe2 Re8 13. Rb1 a6 14. b4 b5 15.
Bb3 Nxd5 16. exd5 Bd7 17. Bg5 Qb6 18. c4 a5 19. Be3 Qa6 20. c5 Bc3 21. c6 Bf5
22. Bc2 Bxc2 23. Qxc2 Bxe1 24. Rxe1 axb4 25. axb4 Qa3 26. Qe4 e6 27. Bh6 Qc3
28. h4 f5 29. Qe2 exd5 30. Qxe8+ Rxe8 31. Rxe8+ Kf7 32. Rc8 d4 33. c7 Ke7 34.
Rh8 0-1

[Event "15ème Open de Saint-Affrique"]
[Site "Saint Affrique"]
[Date "????.??.??"]
[Round "5.67"]
[White "Dupy, Lucas"]
[Black "Krier, Daniel"]
[Result "1-0"]
[WhiteElo "1760"]
[BlackElo "1915"]
[PlyCount "33"]

1. b3 c5 2. Bb2 d5 3. e3 Nf6 4. Bxf6 exf6 5. d4 cxd4 6. exd4 Be7 7. Nf3 O-O 8.
Nbd2 Nc6 9. Be2 Bf5 10. a3 Rc8 11. b4 a5 12. c3 Na7 13. Rc1 Qb6 14. O-O Nb5 15.
Qb3 Rfd8 16. bxa5 Qxa5 17. Qxb5 1-0

[Event "15ème Open de Saint-Affrique"]
[Site "Saint Affrique"]
[Date "????.??.??"]
[Round "5.73"]
[White "Forest, Eric"]
[Black "Rivier, Sylvain"]
[Result "0-1"]
[WhiteElo "1804"]
[BlackElo "1610"]
[PlyCount "66"]

1. e4 e6 2. d4 d5 3. Nc3 Bb4 4. Bd3 c5 5. a3 cxd4 6. axb4 dxc3 7. exd5 Qxd5 8.
Ra5 Qxg2 9. Qf3 Qxf3 10. Nxf3 Nc6 11. Ra4 Bd7 12. b5 Nce7 13. bxc3 Nf6 14. Rg1
O-O 15. Bg5 Kh8 16. Rh4 Ng6 17. Rh6 Ng8 18. Rh5 Nf6 19. Bxg6 fxg6 20. Bxf6 Rxf6
21. Ne5 gxh5 22. Nxd7 Rg6 23. Rf1 Rc8 24. Ne5 Rf6 25. c4 Rf4 26. f3 a6 27. Kd2
axb5 28. cxb5 Rb4 29. c4 Kg8 30. Kd3 Kf8 31. Rf2 Ke7 32. f4 Ra8 33. Rd2 Rd8+
0-1

[Event "15ème Open de Saint-Affrique"]
[Site "Saint Affrique"]
[Date "????.??.??"]
[Round "5.94"]
[White "Robert, Calvin"]
[Black "Nari, Alain"]
[Result "1-0"]
[WhiteElo "1009"]
[BlackElo "1499"]
[PlyCount "78"]

1. d4 f5 2. Nc3 e6 3. e4 fxe4 4. Nxe4 Nf6 5. Nxf6+ Qxf6 6. Nf3 b6 7. Bg5 Qf5 8.
Bd3 Qg4 9. h3 Qxg2 10. Rh2 Qxh2 11. Nxh2 Bb7 12. Ng4 Bd6 13. Ne5 c5 14. Nc4 Bc7
15. dxc5 bxc5 16. c3 Rf8 17. f4 Bg2 18. Qg4 Bd5 19. Bxh7 d6 20. Bg6+ Kd7 21.
Ne3 Bc6 22. O-O-O a5 23. a3 Na6 24. f5 Bb6 25. fxe6+ Kc7 26. e7 Rf2 27. Rf1
Rxf1+ 28. Nxf1 c4 29. Qe6 Nc5 30. Qxc4 a4 31. Nd2 Rb8 32. Bf4 Ba7 33. Ne4 Bb5
34. Qf7 Be8 35. Qxg7 Nd3+ 36. Kd2 Nxf4 37. Bxe8 Rxe8 38. Nf6 Ne6 39. Nxe8+ Kd7
1-0

[Event "15ème Open de Saint-Affrique"]
[Site "Saint Affrique"]
[Date "????.??.??"]
[Round "6.1"]
[White "Lejarre, Ludovic"]
[Black "Hamdouchi, Hichem"]
[Result "0-1"]
[WhiteElo "2359"]
[BlackElo "2576"]
[PlyCount "56"]

1. e4 c5 2. Nf3 Nc6 3. Nc3 g6 4. d4 cxd4 5. Nxd4 Bg7 6. Be3 Nf6 7. Bc4 O-O 8.
Bb3 d6 9. h3 Nxd4 10. Bxd4 b5 11. Qf3 Bb7 12. Rd1 Rc8 13. O-O a5 14. a3 a4 15.
Ba2 Qa5 16. Qe3 b4 17. Bb6 Qa6 18. axb4 Nd7 19. Bd4 e5 20. b5 {#} 20... exd4
21. bxa6 dxe3 22. axb7 Rxc3 23. bxc3 e2 24. Rxd6 exf1=Q+ 25. Kxf1 Nc5 26. Bd5
Rb8 27. Ke2 a3 28. Kd2 a2 0-1

[Event "15ème Open de Saint-Affrique"]
[Site "Saint Affrique"]
[Date "????.??.??"]
[Round "6.2"]
[White "Flear, Glenn C"]
[Black "Prie, Eric"]
[Result "1-0"]
[WhiteElo "2479"]
[BlackElo "2518"]
[PlyCount "95"]

1. d4 d5 2. c4 c6 3. Nf3 Nf6 4. Nc3 a6 5. c5 Nbd7 6. Bf4 Nh5 7. Bd2 Nhf6 8. b4
g6 9. Qc1 h6 10. g3 Ne4 11. Be3 Nxc3 12. Qxc3 Bg7 13. Bg2 O-O 14. O-O Re8 15.
Ne5 Nxe5 16. dxe5 Bf5 17. Bd4 Qc8 18. Rfe1 Bh3 19. Bh1 Qe6 20. a4 Kh7 21. e3
Rad8 22. b5 axb5 23. axb5 Ra8 24. b6 Rad8 25. Ra7 Rd7 26. Rea1 h5 27. Bg2 Bxg2
28. Kxg2 h4 29. f3 hxg3 30. hxg3 Bh6 31. Rh1 Kg7 32. Qa1 Rh8 33. Rh2 f6 34. g4
f5 35. g5 Bxg5 36. Rxh8 Kxh8 37. Ra8+ Kh7 38. Qh1+ Bh6 39. f4 Kg7 40. Qh4 Kh7
41. Kf1 Kg7 42. Rc8 Kh7 43. Rc7 $22 {#} 43... Rxc7 44. bxc7 Kg7 45. c8=Q Qxc8
46. Qxe7+ Kg8 47. e6 Qf8 48. Qd7 1-0

[Event "15ème Open de Saint-Affrique"]
[Site "Saint Affrique"]
[Date "????.??.??"]
[Round "6.3"]
[White "Mullon, Jean-Baptiste"]
[Black "Petrossian, Armen"]
[Result "1/2-1/2"]
[WhiteElo "2333"]
[BlackElo "2392"]
[PlyCount "125"]

1. e4 e5 2. Nf3 Nc6 3. d4 exd4 4. Nxd4 Bc5 5. Nb3 Bb4+ 6. c3 Be7 7. g3 Nf6 8.
Bg2 d6 9. O-O Bg4 10. f3 Bd7 11. Re1 Qc8 12. N1d2 Bh3 13. Nc4 Bxg2 14. Kxg2 Ne5
15. Ne3 g6 16. f4 Neg4 17. Nd5 Nxd5 18. exd5 h5 19. Qd4 Rh7 20. Qe4 Qd7 21. h4
Kf8 22. Na5 Nf6 23. Qd3 a6 24. Bd2 Qf5 25. Qxf5 gxf5 26. c4 Ne4 27. Bc3 Rh6 28.
Re3 Rg6 29. Kh2 Bf6 30. Bxf6 Nxf6 31. Kh3 b5 32. Rc1 bxc4 33. Rxc4 Re8 34.
Rxe8+ Kxe8 35. Ra4 Nxd5 36. Nc6 Re6 37. Ra5 Ne3 38. Nd4 Rf6 39. b4 Kd7 40. Rxa6
Rg6 41. Ra3 c5 42. Rxe3 cxd4 43. Rd3 Rg8 44. Rxd4 Ra8 45. Rd5 Ke6 46. Ra5 Rc8
47. b5 Rc2 48. a4 Rb2 49. Ra6 Kd5 50. Ra7 Ke4 51. Re7+ Kd3 52. Re1 d5 53. Rd1+
Ke4 54. Ra1 d4 55. a5 Rxb5 56. a6 Rb8 57. a7 Ra8 58. Kg2 Ke3 59. Ra3+ d3 60.
Kf1 Kd2 61. Ra2+ Kc1 62. Ra1+ Kc2 63. Ra2+ 1/2-1/2

[Event "15ème Open de Saint-Affrique"]
[Site "Saint Affrique"]
[Date "????.??.??"]
[Round "6.4"]
[White "Degraeve, Jean-Marc"]
[Black "Delorme, Axel"]
[Result "1-0"]
[WhiteElo "2520"]
[BlackElo "2317"]
[PlyCount "43"]

1. e4 e5 2. Nf3 Nc6 3. Bc4 Bc5 4. c3 Nf6 5. d3 d6 6. Nbd2 a6 7. Bb3 Ba7 8. Nf1
h6 9. Ng3 Nh7 10. h3 O-O 11. O-O Qf6 12. Be3 Re8 13. d4 Nf8 14. Bc2 Ng6 15. Nh5
Qe7 16. Nh2 Qh4 17. f4 exf4 18. Nxf4 Nce7 19. Nf3 Qf6 20. Nh5 Qe6 21. Qd2 Kh7
22. Rae1 {#} 1-0

[Event "15ème Open de Saint-Affrique"]
[Site "Saint Affrique"]
[Date "????.??.??"]
[Round "6.5"]
[White "Ramaswamy, Aarthie"]
[Black "Gozzoli, Yannick"]
[Result "1/2-1/2"]
[WhiteElo "2281"]
[BlackElo "2470"]
[PlyCount "48"]

1. e4 e5 2. Nf3 Nc6 3. Bb5 f5 4. Nc3 fxe4 5. Nxe4 Nf6 6. Nxf6+ Qxf6 7. O-O Be7
8. Bxc6 dxc6 9. Qe1 O-O 10. Nxe5 Bf5 11. d4 Bd6 12. c3 Rae8 13. f4 c5 14. Be3
cxd4 15. cxd4 Qe6 16. Qc3 Be4 17. Rf2 Rd8 18. b3 Bxe5 19. fxe5 Rxf2 20. Bxf2
Qg4 21. Qg3 Qxg3 22. hxg3 Kf7 23. Re1 Bd5 24. Rc1 Rd7 1/2-1/2

[Event "15ème Open de Saint-Affrique"]
[Site "Saint Affrique"]
[Date "????.??.??"]
[Round "6.6"]
[White "Collas, Didier"]
[Black "Hamdouchi, Adina-Maria"]
[Result "1/2-1/2"]
[WhiteElo "2458"]
[BlackElo "2287"]
[PlyCount "23"]

1. e4 g6 2. d4 Bg7 3. Nc3 c6 4. Nf3 d6 5. Be2 Nf6 6. O-O O-O 7. Re1 Nbd7 8. e5
dxe5 9. dxe5 Nd5 10. Nxd5 cxd5 11. Bf4 Nc5 12. Nd4 1/2-1/2

[Event "15ème Open de Saint-Affrique"]
[Site "Saint Affrique"]
[Date "????.??.??"]
[Round "6.7"]
[White "Daurelle, Herve"]
[Black "Velikov, Petar"]
[Result "1/2-1/2"]
[WhiteElo "2249"]
[BlackElo "2448"]
[PlyCount "53"]

1. e4 c5 2. Nf3 e6 3. d4 cxd4 4. Nxd4 a6 5. Bd3 g6 6. c4 Bg7 7. Be3 d6 8. Nc3
Nf6 9. O-O O-O 10. Qe2 Qc7 11. Rac1 Nbd7 12. Rfd1 b6 13. Bb1 Bb7 14. f3 Rac8
15. Qf2 Qb8 16. b3 Rfe8 17. Nde2 Bc6 18. a4 Ba8 19. Rc2 Bf8 20. Qh4 d5 21. Bg5
Bg7 22. exd5 exd5 23. Rcd2 Qe5 24. Nxd5 Bxd5 25. cxd5 Nh5 26. Be4 Qd6 27. Qf2
1/2-1/2

[Event "15ème Open de Saint-Affrique"]
[Site "Saint Affrique"]
[Date "????.??.??"]
[Round "6.8"]
[White "Benmesbah, Stephane"]
[Black "Collas, Silvia"]
[Result "0-1"]
[WhiteElo "2247"]
[BlackElo "2393"]
[PlyCount "60"]

1. e4 c5 2. Nf3 e6 3. d4 cxd4 4. Nxd4 a6 5. Nc3 Qc7 6. Be3 Nf6 7. Bd3 b5 8. O-O
Bb7 9. Qf3 b4 10. Na4 Nc6 11. Nb3 Ne5 12. Qg3 Nxe4 13. Bxe4 Bxe4 14. Nac5 Bg6
15. Nxd7 Kxd7 16. Rad1+ Ke8 17. Bf4 f6 18. Nd4 Kf7 {#} 19. Nxe6 Kxe6 20. Bxe5
fxe5 21. Qb3+ Ke7 22. Qxb4+ Kf6 23. Qh4+ Kf7 24. f4 exf4 25. Rxf4+ Kg8 26. Qg4
Qb6+ 27. Kh1 h5 28. Qf3 Re8 29. Rf1 Bd6 30. Rh4 Re5 0-1

[Event "15ème Open de Saint-Affrique"]
[Site "Saint Affrique"]
[Date "????.??.??"]
[Round "6.9"]
[White "Meera, Sai"]
[Black "Chomet, Pascal"]
[Result "1-0"]
[WhiteElo "2191"]
[BlackElo "2353"]
[PlyCount "81"]

1. e4 c5 2. Nc3 Nc6 3. f4 g6 4. Nf3 Bg7 5. Bc4 e6 6. f5 Nge7 7. fxe6 dxe6 8. d3
a6 9. a4 Nd4 10. O-O Nec6 11. Kh1 O-O 12. Bg5 f6 13. Be3 Kh8 14. Qd2 Qd6 15.
Nd1 Bd7 16. Qf2 b5 17. Ba2 bxa4 18. c3 f5 19. exf5 Nxf3 20. Qxf3 Rxf5 21. Qe2
Rxf1+ 22. Qxf1 Rf8 23. Qe2 Rf5 24. Nf2 a3 25. Ne4 axb2 26. Rb1 Qf8 27. Rxb2
Rf1+ 28. Bg1 Ne5 29. Nxc5 Rxg1+ 30. Kxg1 Qxc5+ 31. d4 Qa7 32. Kh1 Bb5 33. Qe3
h6 34. Qe1 {#} 34... Nc4 $2 (34... Nd3 35. Qxe6 Qa8) 35. Qxe6 Qc7 36. Rf2 Qa5
37. Bxc4 Qa1+ 38. Rf1 Qxf1+ 39. Bxf1 Bxf1 40. Qxg6 Bc4 41. Qe8+ 1-0

[Event "15ème Open de Saint-Affrique"]
[Site "Saint Affrique"]
[Date "????.??.??"]
[Round "6.10"]
[White "Remille, Tristan"]
[Black "Mohota, Nisha"]
[Result "0-1"]
[WhiteElo "2182"]
[BlackElo "2332"]
[PlyCount "106"]

1. d4 d5 2. c4 e6 3. Nc3 Be7 4. Nf3 Nf6 5. Bf4 O-O 6. e3 c5 7. dxc5 Bxc5 8. a3
Nc6 9. Qc2 Qa5 10. Nd2 Be7 11. Bg3 Bd7 12. Be2 Qd8 13. O-O d4 14. Nb5 dxe3 15.
fxe3 a6 16. Nd6 e5 17. c5 Bxd6 18. cxd6 Bg4 19. Rxf6 Bxe2 20. Rf2 Bh5 21. Qc5
f6 22. Nc4 Qe8 23. Rd2 Rd8 24. b4 Nb8 25. Nb6 Nd7 26. Qd5+ Rf7 27. Na4 b5 28.
Nc5 Nb6 29. Qe6 Nc4 30. Qxe8+ Rxe8 31. d7 Rd8 32. Rd5 Re7 33. e4 Nb6 34. Rd6
Nxd7 35. Ra2 Be8 36. Rad2 Kf7 37. R2d5 Nxc5 38. Rxd8 Nxe4 39. Rc8 Bd7 40. Rc1
Be6 41. Rd8 Ra7 42. Be1 Ke7 43. Rd3 f5 44. Re3 Rd7 45. Rc6 Rd4 46. Bc3 Rd1+ 47.
Be1 Bc4 {#} 48. g4 Bd5 49. Rxa6 f4 50. Re2 f3 51. Rxe4 Bxe4 52. Kf2 Rc1 53.
Ra7+ Ke6 0-1

[Event "15ème Open de Saint-Affrique"]
[Site "Saint Affrique"]
[Date "????.??.??"]
[Round "6.20"]
[White "Benmesbah, Natacha"]
[Black "Baudon, Sebastien"]
[Result "1-0"]
[WhiteElo "2220"]
[BlackElo "1982"]
[PlyCount "83"]

1. e4 c5 2. Nf3 Nc6 3. d4 cxd4 4. Nxd4 Nf6 5. Nc3 e5 6. Ndb5 d6 7. Bg5 a6 8.
Bxf6 gxf6 9. Na3 b5 10. Nd5 f5 11. c3 Bg7 12. Bd3 Be6 13. Nxb5 axb5 14. Bxb5
Bd7 15. exf5 Nb8 16. Bd3 Bc6 17. Be4 Nd7 18. O-O Rc8 19. Qf3 Bxd5 20. Bxd5 Qb6
21. b4 O-O 22. Rfc1 Nf6 23. a4 Rfe8 24. a5 Qb5 25. Bb3 e4 26. Qf4 Qe5 27. Qxe5
Rxe5 28. c4 Rxf5 29. a6 Nd7 30. Ra2 Ne5 31. a7 Ra8 32. b5 Nd7 33. Rd1 Bf8 34.
c5 Rxc5 35. Bd5 Rxd5 36. Rxd5 Nb6 37. Rdd2 Nc8 38. Rdc2 Nb6 39. Rc6 Nc8 40. b6
Nxb6 41. Rxb6 Rc8 42. g3 1-0

[Event "15ème Open de Saint-Affrique"]
[Site "Saint Affrique"]
[Date "????.??.??"]
[Round "6.23"]
[White "Nari, Damien"]
[Black "Fruteau, Sabine"]
[Result "0-1"]
[WhiteElo "1784"]
[BlackElo "2170"]
[PlyCount "106"]

1. e4 d5 2. exd5 Qxd5 3. Nc3 Qa5 4. d4 Nf6 5. Bd2 c6 6. Bd3 Qb6 7. Nge2 Bg4 8.
f3 Bh5 9. O-O e6 10. b3 Bd6 11. Kh1 Nbd7 12. Be3 Qc7 13. Bg1 O-O-O 14. Ne4 Nxe4
15. fxe4 e5 16. d5 Bc5 17. Bxc5 Nxc5 18. c4 f5 19. Qc2 cxd5 20. cxd5 fxe4 21.
Bxe4 Nxe4 22. Qxe4 Bg6 23. Qa4 Kb8 24. Rac1 Qd7 25. Qxd7 Rxd7 26. Nc3 Re8 27.
Rfe1 a6 28. Re3 b5 29. b4 Rc7 30. Rce1 Rc4 31. a3 Kc7 32. Kg1 Kd6 33. Kf2 Rf8+
34. Ke2 Bh5+ 35. Kd3 Rd4+ 36. Kc2 Bg6+ 37. Kb3 Rf2 38. R1e2 Rxe2 39. Rxe2 Bd3
40. Re3 Bc4+ 41. Kc2 Bxd5 42. Nxd5 Kxd5 43. Rg3 g6 44. Rh3 h5 45. Rg3 Rg4 46.
Rd3+ Ke6 47. g3 h4 48. Kb3 hxg3 49. hxg3 Rd4 50. Re3 e4 51. a4 Kd5 52. axb5
axb5 53. Kc3 Rc4+ 0-1

[Event "15ème Open de Saint-Affrique"]
[Site "Saint Affrique"]
[Date "????.??.??"]
[Round "6.29"]
[White "Marie, Adrien"]
[Black "Gaftarnik, Olivier"]
[Result "0-1"]
[WhiteElo "2086"]
[BlackElo "1919"]
[PlyCount "71"]

1. e4 c5 2. Nf3 e6 3. d4 cxd4 4. Nxd4 Nf6 5. Nc3 d6 6. Bg5 a6 7. f4 Be7 8. Bd3
O-O 9. Qe2 Nc6 10. Nb3 b5 11. e5 Nd5 12. Qe4 g6 13. Bh6 Bb7 14. Bxf8 Bxf8 15.
Nxd5 exd5 16. Qe2 dxe5 17. fxe5 Bg7 18. O-O Nxe5 19. Rae1 Qc7 20. c3 Rd8 21.
Nd4 Bc8 22. h3 Bb7 23. Bc2 Rc8 24. Bb3 b4 25. Nf3 Nxf3+ 26. Rxf3 bxc3 27. bxc3
Bxc3 28. Ref1 Qb6+ 29. Kh1 f6 30. Rc1 Be5 31. Rxc8+ Bxc8 32. Bxd5+ Kg7 33. Qc4
Bd7 34. g4 Qb2 35. Kg1 Qh2+ 36. Kf1 0-1

[Event "15ème Open de Saint-Affrique"]
[Site "Saint Affrique"]
[Date "????.??.??"]
[Round "6.31"]
[White "Muratet, Lucas"]
[Black "Faure, Nicolas"]
[Result "1-0"]
[WhiteElo "1887"]
[BlackElo "2081"]
[PlyCount "83"]

1. e4 c5 2. Nf3 d6 3. d4 cxd4 4. Nxd4 Nf6 5. Nc3 a6 6. Bg5 e6 7. f4 Qb6 8. Nb3
Nbd7 9. Qf3 Qc7 10. O-O-O b5 11. Bd3 Bb7 12. a3 Be7 13. g4 h6 14. Bxf6 Bxf6 15.
Bxb5 Bxc3 16. Bxd7+ Kxd7 17. bxc3 Rac8 18. Rd3 Qc4 19. Rhd1 Bxe4 20. Rxd6+ Ke7
21. Qe3 Rc7 22. R6d4 Qxc3 23. Qxc3 Rxc3 24. Rxe4 Rhc8 25. Nd4 Rxa3 26. Kb2 Rac3
27. f5 e5 28. Rxe5+ Kf6 29. Ra5 R3c4 30. Rd2 Kg5 31. Rxa6 Kxg4 32. Ra3 Kf4 33.
Rad3 Rb8+ 34. Kc1 Ra8 35. Rf2+ Ke4 36. Re2+ Kf4 37. Kd2 Ra2 38. Ke1 Raa4 39. c3
Ra1+ 40. Kf2 Rc1 41. Re7 R1xc3 42. Ne2+ 1-0

[Event "15ème Open de Saint-Affrique"]
[Site "Saint Affrique"]
[Date "????.??.??"]
[Round "6.34"]
[White "Delaire, Eric"]
[Black "Casas Mor, Carles"]
[Result "1-0"]
[WhiteElo "1852"]
[BlackElo "2066"]
[PlyCount "59"]

1. e4 e6 2. d4 d5 3. Nc3 Nf6 4. e5 Ne4 5. Nxe4 dxe4 6. c3 c5 7. Ne2 Nc6 8. a3
b6 9. Be3 cxd4 10. cxd4 Bb7 11. Ng3 Qd5 12. Rc1 Be7 13. Bc4 Qd7 14. Bb5 a6 15.
Bxc6 Bxc6 16. Qg4 g6 17. Nxe4 Qd5 18. f3 Qb3 19. Qf4 Bb5 20. Nd6+ Bxd6 21. exd6
Qxb2 22. Bd2 O-O 23. Kf2 Rac8 24. Kg3 Rfd8 25. Rc7 Be8 26. Rhc1 Ra8 27. Rb7
Qxa3 28. Rxb6 Rd7 29. Qf6 Rxd6 30. Bh6 1-0

[Event "15ème Open de Saint-Affrique"]
[Site "Saint Affrique"]
[Date "????.??.??"]
[Round "6.44"]
[White "Houard, Yannick"]
[Black "De Biasi, Robert"]
[Result "0-1"]
[WhiteElo "2151"]
[BlackElo "1825"]
[PlyCount "94"]

1. e4 c5 2. Nf3 d6 3. d4 cxd4 4. Nxd4 Nf6 5. Nc3 g6 6. Be2 Bg7 7. O-O O-O 8.
Nb3 Nc6 9. Kh1 a6 10. a4 Qc7 11. Bg5 Be6 12. f4 Qd7 13. Nd5 Rad8 14. Bxf6 exf6
15. f5 Bxd5 16. Qxd5 Rfe8 17. Bc4 Re5 18. Qd3 Qe7 19. Bd5 Nb4 20. Qc4 Nxd5 21.
exd5 Re8 22. Nd4 Re4 23. c3 Bh6 24. Qb3 Bf4 25. Nf3 g5 26. Qd1 g4 27. Nd4 Be5
28. Nb3 Qf8 29. Qd2 Qg7 30. Rae1 Rxe1 31. Rxe1 h5 32. Re4 Qh7 33. Qf2 Kg7 34.
Qf1 Qh6 35. g3 Kh7 36. Qc1 Qg7 37. Qe3 Kh8 38. Kg2 Qh7 39. Qf2 Rg8 40. Re1 Rg5
41. Qc2 h4 42. Rh1 h3+ 43. Kg1 Rxf5 44. Qd1 Rf3 45. Nc1 Qe4 46. Qd2 Rf1+ 47.
Kxf1 Qxh1+ 0-1

[Event "15ème Open de Saint-Affrique"]
[Site "Saint Affrique"]
[Date "????.??.??"]
[Round "6.61"]
[White "Denis, Philippe"]
[Black "Boulier, Rene"]
[Result "1-0"]
[WhiteElo "1699"]
[BlackElo "1971"]
[PlyCount "73"]

1. e4 e6 2. d4 d5 3. e5 c5 4. c3 Nc6 5. Nf3 Bd7 6. Bd3 Qb6 7. O-O cxd4 8. cxd4
Nxd4 9. Nxd4 Qxd4 10. Nc3 Ne7 11. Qe2 a6 12. Kh1 g6 13. f4 Bg7 14. Be3 Qb4 15.
a3 Qa5 16. b4 Qd8 17. Bc5 O-O 18. Rad1 Re8 19. Rf3 Rc8 20. Qe1 Bc6 21. Rh3 Nf5
22. Bxf5 exf5 23. Rhd3 Re6 24. Nxd5 Bxd5 25. Rxd5 Qc7 26. Rd7 Qc6 27. Qh4 Ree8
28. h3 h6 29. Rd8 Kh7 30. R8d7 Qa4 31. R1d6 a5 32. Rxf7 Kg8 33. Rxg7+ Kxg7 34.
Qf6+ Kg8 35. Qxg6+ Kh8 36. Qxh6+ Kg8 37. Rg6+ 1-0

[Event "15ème Open de Saint-Affrique"]
[Site "Saint Affrique"]
[Date "????.??.??"]
[Round "6.74"]
[White "Eshghabadi, Asghar"]
[Black "Vignette, Jeanne"]
[Result "0-1"]
[WhiteElo "1807"]
[BlackElo "1510"]
[PlyCount "70"]

1. e4 e5 2. Nf3 Nc6 3. Bb5 a6 4. Ba4 Nf6 5. O-O d5 6. Nxe5 Qd6 7. d4 dxe4 8. c4
Be7 9. c5 Qe6 10. Nxc6 bxc6 11. Nc3 O-O 12. Re1 Rd8 13. f3 Bxc5 14. Nxe4 Rxd4
15. Nxc5 Rxd1 16. Rxd1 Qe7 17. Kh1 Bf5 18. Bxc6 Bc2 19. Rg1 Rd8 20. Nxa6 Rd1
21. Bf4 Rxa1 22. Rxa1 Qe2 23. Nxc7 Qc4 24. Be4 Nxe4 25. fxe4 Bxe4 26. Be5 Qc2
27. Rg1 f6 28. Bc3 h5 29. Ne6 Qf2 30. Bd4 Qd2 31. Bc3 Qd6 32. Nd4 g5 33. Rf1 h4
34. h3 Qg3 35. Rg1 Qxh3# 0-1

[Event "15ème Open de Saint-Affrique"]
[Site "Saint Affrique"]
[Date "????.??.??"]
[Round "6.80"]
[White "Cilla, Mario"]
[Black "Krier, Daniel"]
[Result "1-0"]
[WhiteElo "1790"]
[BlackElo "1915"]
[PlyCount "79"]

1. d4 d5 2. Nf3 Nf6 3. e3 e6 4. Bd3 c5 5. b3 Be7 6. O-O O-O 7. Bb2 Nc6 8. Nbd2
b6 9. a3 Bb7 10. Ne5 cxd4 11. exd4 Qc7 12. Ndf3 Ne4 13. Re1 f6 14. Ng4 Rae8 15.
Rc1 Bd6 16. c4 Qb8 17. Qc2 Ne7 18. g3 Ng6 19. Kg2 Qd8 20. Ne3 Qe7 21. cxd5 exd5
22. Nf5 Qd7 23. Nxd6 Qxd6 24. Qc7 Qe7 25. a4 Rf7 26. Qxe7 Rfxe7 27. Ba3 Rf7 28.
Ng1 Rc8 29. Rxc8+ Bxc8 30. Rc1 Bb7 31. h4 Nf8 32. f3 Nd2 33. Rc3 Ne6 34. Ne2
Rc7 35. Rxc7 Nxc7 36. Bc2 Ne6 37. Bb2 Ba6 38. Kf2 Kf7 39. Bc3 Bxe2 40. Kxe2 1-0

[Event "15ème Open de Saint-Affrique"]
[Site "Saint Affrique"]
[Date "????.??.??"]
[Round "6.83"]
[White "Objois, Pierre-Henri"]
[Black "Alonso, Jean-Marie"]
[Result "0-1"]
[WhiteElo "1801"]
[BlackElo "1690"]
[PlyCount "60"]

1. d4 Nf6 2. Nf3 d5 3. c4 c6 4. Nc3 a6 5. e3 Bg4 6. Be2 e6 7. cxd5 exd5 8. Ne5
Be6 9. a3 Nbd7 10. O-O Bd6 11. f4 Bf5 12. Bf3 Ne4 13. Nxe4 dxe4 14. Bg4 Qf6 15.
Nxd7 Kxd7 16. Bd2 h5 17. Bxf5+ Qxf5 18. Bc3 Qd5 19. Qe1 h4 20. Qe2 f5 21. Qf2
Rh6 22. h3 Rg8 23. Qd2 g5 24. fxg5 Rxg5 25. Kh1 Rhg6 26. Rg1 Rg3 27. Bb4 f4 28.
Bxd6 Rxd6 29. exf4 e3 30. Qe2 Rxh3# 0-1

[Event "15ème Open de Saint-Affrique"]
[Site "Saint Affrique"]
[Date "????.??.??"]
[Round "7.1"]
[White "Hamdouchi, Hichem"]
[Black "Flear, Glenn C"]
[Result "1/2-1/2"]
[WhiteElo "2576"]
[BlackElo "2479"]
[PlyCount "98"]

1. e4 e5 2. Nf3 Nc6 3. Bb5 a6 4. Ba4 Nf6 5. O-O Be7 6. Re1 b5 7. Bb3 d6 8. c3
O-O 9. h3 Na5 10. Bc2 c5 11. d4 Qc7 12. Nbd2 cxd4 13. cxd4 Nc6 14. Nb3 a5 15.
Be3 a4 16. Nbd2 Bd7 17. Rc1 Qb7 18. Bd3 exd4 19. Nxd4 Ne5 20. Bb1 Rfe8 21. f4
Ng6 22. Qf3 Bd8 23. Bf2 Ba5 24. Rcd1 Rac8 25. g4 h6 26. Nf5 Qb8 27. Kh2 Bc7 28.
Bg3 Qa8 29. Nd4 Bb6 30. Nf5 Bc7 31. Re2 Ne7 32. Bh4 Nxf5 33. gxf5 Bd8 34. Rg2
Kh8 35. Rdg1 Rg8 36. Qd3 Nh5 37. f6 g6 38. e5 Bb6 39. Rxg6 fxg6 40. Rxg6 Qg2+
41. Kxg2 Rxg6+ 42. Kf3 Bc6+ 43. Ne4 Rcg8 44. Qxd6 Rg3+ 45. Bxg3 Rxg3+ 46. Ke2
Nxf4+ 47. Kd2 Rg2+ 48. Kd1 Rg1+ 49. Kd2 Rg2+ 1/2-1/2

[Event "15ème Open de Saint-Affrique"]
[Site "Saint Affrique"]
[Date "????.??.??"]
[Round "7.2"]
[White "Mullon, Jean-Baptiste"]
[Black "Degraeve, Jean-Marc"]
[Result "0-1"]
[WhiteElo "2333"]
[BlackElo "2520"]
[PlyCount "44"]

1. e4 e5 2. Nf3 Nc6 3. d4 exd4 4. Nxd4 Bb4+ 5. c3 Bc5 6. Be3 Bb6 7. Bc4 Nge7 8.
Qh5 O-O 9. O-O d6 10. Nd2 Ne5 11. Be2 f5 12. f4 Nd7 13. Bc4+ Kh8 14. Qg5 Nf6
15. e5 Ng4 16. Rae1 h6 17. Qh4 dxe5 18. fxe5 Nxe3 19. Rxe3 Nc6 20. Qxd8 Rxd8
21. N2b3 Nxd4 22. Nxd4 Rxd4 0-1

[Event "15ème Open de Saint-Affrique"]
[Site "Saint Affrique"]
[Date "????.??.??"]
[Round "7.3"]
[White "Collas, Silvia"]
[Black "Boudre, Jean-Pierre"]
[Result "1/2-1/2"]
[WhiteElo "2393"]
[BlackElo "2329"]
[PlyCount "75"]

1. Nf3 d5 2. d4 Nf6 3. c4 c6 4. Nc3 dxc4 5. a4 e6 6. e3 c5 7. Bxc4 Nc6 8. O-O
cxd4 9. exd4 Be7 10. Qe2 O-O 11. Rd1 Nb4 12. Ne5 Nfd5 13. Bb3 Bd7 14. Qg4 Bc6
15. Bh6 Bf6 16. Ne4 Kh8 17. Nxf6 gxh6 18. Nxc6 Qxf6 19. Nxb4 Nxb4 20. Rac1 Rad8
21. Rc3 Nc6 22. d5 exd5 23. Bxd5 Rg8 24. Qf3 Qxf3 25. Bxf3 Nd4 26. Bh5 Rg5 27.
Rcd3 Rxh5 28. Rxd4 Rxd4 29. Rxd4 Rc5 30. g3 Kg7 31. Rd7 Rc4 32. Rxb7 Rxa4 33.
Kg2 Kg6 34. Kf3 Ra1 35. Ke2 a5 36. Rb6+ Kg7 37. Kf3 a4 38. Rb4 1/2-1/2

[Event "15ème Open de Saint-Affrique"]
[Site "Saint Affrique"]
[Date "????.??.??"]
[Round "7.4"]
[White "Petrossian, Armen"]
[Black "Meera, Sai"]
[Result "1-0"]
[WhiteElo "2392"]
[BlackElo "2191"]
[PlyCount "75"]

1. e4 c5 2. Nf3 d6 3. Bb5+ Nd7 4. d4 Ngf6 5. Nc3 cxd4 6. Qxd4 e5 7. Qe3 Be7 8.
O-O a6 9. Bc4 O-O 10. Re1 Qc7 11. Bb3 Nb6 12. h3 h6 13. Nh4 Kh7 14. Qf3 Bd7 15.
Nf5 Bxf5 16. Qxf5+ Kh8 17. g4 Nh7 18. Qf3 Bg5 19. Qd3 Rad8 20. a4 Bxc1 21.
Raxc1 Ng5 22. a5 Nc8 23. Nd5 Qxa5 24. h4 Ne6 25. g5 Nf4 26. Qe3 Qc5 27. Nxf4
exf4 28. Qxf4 hxg5 29. hxg5 Ne7 30. Bxf7 Rxf7 31. Qxf7 Qxg5+ 32. Kf1 Ng6 33.
Qf5 Qh6 34. Ke2 Rf8 35. Qxf8+ Nxf8 36. Rh1 Kg8 37. Rxh6 gxh6 38. Rd1 1-0